000 01187nam a2200229Ia 4500
999 _c53238
_d53238
001 20279
003 GE_BSU
005 20200825152020.0
008 181216s1936||||ge |||||||||||||| ||geo||
040 _cGE_BSU
041 _ageo
080 _a811.353.1-6 კ-25
100 _aკარბელაშვილი, დავ.
_99337
245 _aენის ახალი მოძღვრების (იაფეტიდოლოგიის) ძირითადი დებულებანი :
_bეძღვნება ნ. მარის უკვდავ ხსოვნას /
_cდავ. კარბელაშვილი.
264 _aტფილისი :
_bტფილისის სახ.უნ-ტის გამ-ბა,
_c1936.
300 _a42 გვ. ;
_c22 სმ.
520 _aეძღვნება ნ. მარის უკვდავ ხსოვნას
541 _h30 თ.
653 _aენის ახალი მოძღვრების (იაფეტიდოლოგიის) ძირითადი დებულებანი
653 _aიაფეტიდოლოგია
942 _cBK
_2udc